000
00297nam a2200121Ia 4500
008
190216s9999||||xx |||||||||||||| ||und||
100
_a
Somerst Maugham W
245
0
_a
Liza Of Lambeth On A Chinese Screen
260
_b
Heron Books
_c
1967
300
_a
383
650
_a
English Novel
942
_c
BK
999
_c
12200
_d
12200